000 00571nam a22001937a 4500
003 OSt
005 20250710091606.0
008 250710b |||||||| |||| 00| 0 eng d
020 _a978-981-3313-67-5
040 _aDWC-Main Lib
_cOC
082 _aCirc. 658.3 N763e 2023
100 _aNoe, Raymond A.
245 _aEmployee training and development/
_cRaymond A. Noe
250 _aNinth edition
260 _aNew York:
_bMcGraw Hill,
_cc2023.
300 _aix, 540 pages;
_c23 cm.
650 _a1. Employees-Training.
942 _2ddc
_cBK-CIRC
_eNinth edition
_kCirc.
_n0
999 _c3599
_d3599